000 01306nam a2200337 c 4500
003 BLK
005 20231102111601.0
008 180408b bul|||||r ||||||| ||bul||
010 _aKNG00082126000
020 _a978-954-529-568-3
_bиздат.: Колибри
040 _aBLK
041 _aBUL
_cBUL
080 _aАмериканска литература (на САЩ)
_b821.111(73)
_x-312.4
_z821.111(73)-312.4
700 1 _aКобен, Харлан
_e*
_979932
100 1 _aКоубън, Харлан
_eпърви автор
_983442
700 _aПанайотова, Валерия Петрова
_d1948-
_9369819
139 _aКобен, Харлан
_bК 70
245 1 0 _aНяма втори шанс
_bРоман
_c* Харлан Кобен; Харлан Коубън; прев. от англ. Валерия Панайотова.
257 _aUSA
260 София
_bКолибри
_c2008
_fСофия : Симолини
300 _a404 с.
_c20 см
380 _aX
490 1 _aСъвременни трилъри
500 _aОриг. загл. No Second Chance / Harlan Coben
852 _aЦб 238828
856 4 _qpdf
_u
856 4 _qpdf
_u
942 _cKNG
_n0
944 _aCR
_c11.03.2008
_k30529
_lДиана Гривева
944 _aED
_c25.02.2010
_k
999 _c77667
_d77667